000 00338nam a2200133Ia 4500
008 230312s9999||||xx |||||||||||||| ||und||
082 _a891.4
_bGHU-H
100 _aپیر سید غلام قطب
245 0 _aحقالق و معارف
260 _bsangi publisher
_apakistan
_c2009
300 _a311
650 _aLiterature
942 _cBK
999 _c14733
_d14733